Értesitvény a rozsnyói ágost. hitv. ev. kerületi nemzeti főgymnásiumról az ... tanévben

Bibliographic Details
Format: Journal
Language:Hungarian
PhysicalDescription:zv.
Published: Rozsnyó Nyomatott Kovácshály Könyvnyomdájában [1868]-[1918]
Subjects:

MARC

LEADER 00000cas a2200000 a 4500
001 vtls008295520
003 SK-MaSNL
005 20260228155813.0
008 050824d18681918xo ar|p 0 b0hun
040 |a SNK  |b slo  |c SNK  |e AACR2 
041 0 |a hun 
044 |a xo  |c SK 
072 7 |a 373.5/.6  |x Stredné školy  |2 konspekt 
072 7 |a 271/279  |x Kresťanské cirkvi, sekty, denominácie  |2 konspekt 
080 |a 373.5  |2 2011 
080 |a 274/279  |2 2011 
080 |a (437.6)  |2 2011 
080 |a 050  |2 2001 
245 0 0 |a Értesitvény a rozsnyói ágost. hitv. ev. kerületi nemzeti főgymnásiumról az ... tanévben 
260 |a Rozsnyó  |b Nyomatott Kovácshály Könyvnyomdájában  |c [1868]-[1918] 
300 |a zv. 
310 |a 1x ročne 
362 0 |a [1867/1868]-[1917/1918]  |z SKP 
650 0 7 |a gymnáziá  |2 SNKPH  |9 16386 
650 0 7 |a evanjelické cirkvi  |2 SNKPH  |9 64962 
655 7 |a časopisy  |2 SNKPH  |9 76610 
752 |a Slovensko  |d Rožňava 
910 |a snk 
999 |c 644  |d 644 
952 |0 0  |1 0  |4 0  |7 1  |8 3  |a SNK  |b SNK  |d 2011-03-16  |i snk2011/5989  |l 0  |o snkČSC 1748/1882-1883  |p 17A0672313  |r 2026-02-21 19:56:39  |w 2026-02-21  |y NEVYP 
952 |0 0  |1 0  |4 0  |7 1  |8 3  |a SNK  |b SNK  |d 2011-03-22  |i snk2011/6524  |l 0  |o snkČSC 1748/1878-1879  |p 17A0672399  |r 2026-02-21 20:05:45  |w 2026-02-21  |y NEVYP 
952 |0 0  |1 0  |4 0  |7 1  |8 3  |a SNK  |b SNK  |d 2011-06-14  |i snk2011/13583  |l 0  |o snkČSC 1748/1880-1881  |p 17A0672383  |r 2026-02-21 20:06:28  |w 2026-02-21  |y NEVYP 
952 |0 0  |1 0  |4 0  |7 1  |8 3  |a SNK  |b SNK  |d 2011-06-14  |i snk2011/13582  |l 0  |o snkČSC 1748/1879-1880 D1  |p 17A0672384  |r 2026-02-21 20:06:28  |w 2026-02-21  |y NEVYP 
952 |0 0  |1 0  |4 0  |7 0  |8 3  |a SNK  |b SNK  |d 2011-03-16  |i snk2011/5991  |l 0  |o snkČSC 1748/1882-1883 D1  |p 17A0672314  |r 2026-02-21 20:09:02  |w 2026-02-21  |y PREZ 
952 |0 0  |1 0  |4 0  |7 0  |8 5  |a SNK  |b SNK  |d 2015-01-30  |i snkF 2953/75  |l 0  |o snkČSC 1748/1912-1913  |p 17A0816928  |r 2026-02-21 20:52:22  |w 2026-02-21  |y PREZ 
952 |0 0  |1 0  |4 0  |7 0  |8 5  |a SNK  |b SNK  |d 2015-01-30  |i snkF 1556/93  |l 0  |o snkČSC 1748/1912-1913 D1  |p 17A0816936  |r 2026-02-21 20:52:22  |w 2026-02-21  |y PREZ 
952 |0 0  |1 0  |4 0  |7 0  |8 5  |a SNK  |b SNK  |d 2005-08-24  |i snkF 4297/84  |l 0  |o snkČSC 1748/1879-1880  |p 17A0481554  |r 2026-02-21 21:40:15  |w 2026-02-21  |y PREZ 
952 |0 0  |1 0  |4 0  |7 0  |8 5  |a SNK  |b SNK  |d 2018-07-16  |i snkF 3291/75  |l 0  |o snkČSC 1748/1895-1896 D1  |p 17A1190355  |r 2026-02-21 22:19:55  |w 2026-02-21  |y PREZ 
952 |0 0  |1 0  |4 0  |7 0  |8 5  |a SNK  |b SNK  |d 2018-07-16  |i snkF 3290/75  |l 0  |o snkČSC 1748/1894-1895 D1  |p 17A1190356  |r 2026-02-21 22:19:55  |w 2026-02-21  |y PREZ 
952 |0 0  |1 0  |4 0  |7 0  |8 5  |a SNK  |b SNK  |d 2018-07-16  |i snkF 2825/83  |l 0  |o snkČSC 1748/1893-1894 D1  |p 17A1190357  |r 2026-02-21 22:19:55  |w 2026-02-21  |y PREZ 
952 |0 0  |1 0  |4 0  |7 0  |8 5  |a SNK  |b SNK  |d 2018-07-16  |i snkF 5406/79  |l 0  |o snkČSC 1748/1892-1893 D1  |p 17A1190358  |r 2026-02-21 22:19:55  |w 2026-02-21  |y PREZ 
952 |0 0  |1 0  |4 0  |7 0  |8 5  |a SNK  |b SNK  |d 2018-07-16  |i snkF 4065/83  |l 0  |o snkČSC 1748/1891-1892 D1  |p 17A1190298  |r 2026-02-21 22:19:55  |w 2026-02-21  |y PREZ 
952 |0 0  |1 0  |4 0  |7 0  |8 5  |a SNK  |b SNK  |d 2018-07-16  |i snkF 3289/75  |l 0  |o snkČSC 1748/1890-1891 D1  |p 17A1190297  |r 2026-02-21 22:19:55  |w 2026-02-21  |y PREZ